|
|
|
|
| LEADER |
01369nam a2200313 a 4500 |
| 001 |
000285539 |
| 003 |
CZ BrMZK |
| 005 |
20201208070702.0 |
| 007 |
ta |
| 008 |
950313s1997 xr f cze d |
| 015 |
|
|
|a cnb000303058
|
| 020 |
|
|
|a 80-238-2208-X
|q (v knize neuvedeno ;
|q brož.)
|
| 040 |
|
|
|a BOA001
|b cze
|
| 080 |
|
|
|a 929 Bartoš, František
|2 MRF
|
| 080 |
|
|
|a 39(437.1)"18/19":92 Bartoš, František
|2 MRF
|
| 100 |
1 |
|
|a Devátová, Anna,
|d 1942-2003
|7 mzk2011649828
|4 aut
|
| 245 |
1 |
0 |
|a Bibliografie díla Františka Bartoše /
|c Anna Devátová, Karel Pavlištík
|
| 260 |
|
|
|a Zlín :
|b Muzeum jihovýchodní Moravy,
|c 1997
|
| 300 |
|
|
|a 28 s. ;
|c 30 cm
|
| 500 |
|
|
|a Vyd. Studijní a dokumentační středis. F. Bartoše
|
| 653 |
0 |
|
|a Bartoš, František 1837-1906
|a čeští jazykovědci
|a čeští literární historici
|a čeští národopisci
|
| 700 |
1 |
|
|a Pavlištík, Karel,
|d 1931-2018
|7 jk01092157
|4 aut
|
| 710 |
2 |
|
|a Muzeum jihovýchodní Moravy (Zlín, Česko)
|7 ola2002140324
|
| 910 |
|
|
|a BOA001
|b X2-1042.079
|b PK-N-0033.775
|
| 920 |
|
|
|a 000303276
|
| 964 |
|
|
|a Bartoš
|b František
|f 1837-1906
|x dílo
|x bibliografie
|
| 990 |
|
|
|a BK
|
| 996 |
7 |
|
|b 2610065834
|c X2-1042.079
|l MZK
|r Sklad / do 24 hodin
|n 8
|p p.v.
|w 000285539
|u 000010
|a 1
|e BOA001
|j MZK50
|s A
|
| 996 |
7 |
|
|b 3119011909
|c PK-N-0033.775
|l MZK
|r Sklad / do 1 hodiny
|n 8
|p kup
|w 000285539
|u 000020
|a 1
|e BOA001
|j MZK50
|s A
|